| 000 | 00601nam a22001817a 4500 | ||
|---|---|---|---|
| 999 |
_c186706 _d186706 |
||
| 005 | 20220311153345.0 | ||
| 010 | _aENG-131956 | ||
| 020 |
_a9788194418566 _c795.00 |
||
| 035 | _aEN-115488 | ||
| 037 | _bDBAD | ||
| 082 | _a337.54 | ||
| 100 | _aUpadhyay, Ashutosh Kumar | ||
| 245 |
_aThe New Economic Diplomacy: _bIndia Experience/ _cAshutosh Kumar Upadhyay |
||
| 260 |
_aDelhi _bRaj Publications _c2021 |
||
| 270 |
_a108,4855/24 Ansari Road Dariyaganj _bDelhi _e110002 _k9811010939 _mrajpublications@yahoo.co.in |
||
| 300 |
_a205p. _bIndex _c22cm(hbk) |
||
| 942 |
_2ddc _cEN _h337.54 _mUPA |
||